000 00394nam a2200169 4500
001 45126
090 _a45126
100 _a20251112 pory50
101 _apor
102 _aPT
200 _aOutras Gentes EgĂ­pcios
_fJesĂș Ballaz , Francesc Infante
210 _a[S.l.]
_cEdinter
_d1989
215 _a1 v.
_cil
225 _aOutras Gentes
675 _a94(620)
801 _aPT
_gRPC
990 _cLIVROS